000 00766nam a22002177a 4500
999 _c18990
_d18990
003 AR-CdUCM
008 190516b ||||| |||| 00| 0 spa d
040 _aMUNICIPALIDAD PROVINCIAL DEL CUSCO
_cBIBLIOTECA MUNICIPAL DEL CUSCO
082 _a635 /
_bP26
100 _aPariona J., Dora
_939991
245 _aEnfermedades en Hortalizas /
260 _aLima :
_bInstituo Nacional de Investigación agraria,
_c1997.
300 _a160 paginas ;
_c21 cm.
505 _aContenido: Amarilidaceae -- Compuestas -- Cruciferas -- Cucurbitaceas -- Gramineas -- Luguminosas...
650 _aPlantas
_918535
650 _aHortalizas
_922950
700 _aHigaonna O., Consuelo
_939992
700 _aMatos N, Betty
_939993
942 _2ddc
_cLIBROS
945 _apjha
_d2019-05-16